Europäische Fußballvereine nach Emojis - Statistiken

Allgemein
  • Dieses Quiz wurde 632 mal gespielt
  • Das Durchschnittsergebnis liegt bei 17 aus 20
Antwortstatistiken
Hint Antwort % Korrekt
❤️🤍🐐🇩🇪 1. FC Köln
93%
💙🤍0️⃣4️⃣🇩🇪 FC Schalke
93%
💚🤍☘️🏴󠁧󠁢󠁳󠁣󠁴󠁿 Celtic Glasgow
89%
🖤🤍🦅🇹🇷 Beşiktaş
88%
❤️🤍🐂🇦🇹 Red Bull Salzburg
88%
🖤🤍👵🇮🇹 Juventus
87%
💙🤍Ⓜ️🇫🇷 Olympique Marseille
87%
💙🤍🐲🇵🇹 FC Porto
86%
💜💜⚜️🇮🇹 Fiorentina
85%
🖤🤍🦢🏴󠁧󠁢󠁷󠁬󠁳󠁿 Swansea City
85%
❤️💛🐺🇮🇹 AS Roma
84%
❤️🤍🏳️🇳🇱 PSV
84%
💚🤍🔽🇪🇸 Betis Sevilla
83%
💛🖤🐺🏴󠁧󠁢󠁥󠁮󠁧󠁿 Wolverhampton Wanderers
83%
💛💙👑🇧🇪 Union Saint-Gilloise
82%
❤️🤍🐻🌳🇪🇸 Atlético Madrid
80%
❤️🤍🖤😈🏴󠁧󠁢󠁥󠁮󠁧󠁿 Manchester United
76%
💙🤍🦊🏴󠁧󠁢󠁥󠁮󠁧󠁿 Leicester City
74%
💛💚🐥🇫🇷 FC Nantes
73%
❤️🤍💙🐶🇫🇷 LOSC Lille
72%
Keine übereinstimmenden Quizze gefunden
Verteilung der Resultate
Anzahl Personen mit jedem Resultat
Perzentil nach korrekt beantworteten Fragen
Ihre Resultats-Entwicklung
Sie haben dieses Quiz noch nicht gespielt